000 00811nam a2200241 a 4500
001 000011405
005 20240529124642.0
008 091016s1979 sp a 001 f spa d
020 _a9580445273
040 _aDO-SdBNP
_bspa
_cBNPHU
082 _aBR863.44
_bB685c
100 1 _aBojunga, Lygia,
_d1932-
_927034
245 1 0 _aCuerda floja /
_cLygia Bojunga ; Traducción Elkin Obregón ; Ilustraciones Alejandro Ortiz.
260 _aBogotá :
_bNorma,
_c1979.
300 _a174 p. :
_bil. ;
_c19 cm.
500 _aIncluye datos biográficos del autor en la contracubierta.
534 _pTítulo original :
_tCorda Bamba
650 0 _aNovela brasileña
_913650
650 4 _aLiteratura brasileña
_9823
700 1 _aObregón, Elkin,
_ctrad.
_927035
700 1 _aOrtiz, Alejandro,
_cil.
_927036
049 _aBNPD
999 _c11111
_d11111